Erev : (Record no. 31505)

MARC details
000 -LEADER
fixed length control field 00719cam a22002651a 4500
001 - CONTROL NUMBER
control field he 66000258
003 - CONTROL NUMBER IDENTIFIER
control field DLC
005 - DATE AND TIME OF LATEST TRANSACTION
control field 20260227111435.0
008 - FIXED-LENGTH DATA ELEMENTS--GENERAL INFORMATION
fixed length control field 861009s1965 ru a 000 1 yid
010 ## - LIBRARY OF CONGRESS CONTROL NUMBER
LC control number he 66000258
035 ## - SYSTEM CONTROL NUMBER
System control number (OCoLC)19303369
040 ## - CATALOGING SOURCE
Original cataloging agency DLC
Transcribing agency MH
Modifying agency MU
-- DLC
042 ## - AUTHENTICATION CODE
Authentication code premarc
050 00 - LIBRARY OF CONGRESS CALL NUMBER
Classification number PJ5129.S4316
Item number E7
100 1# - MAIN ENTRY--PERSONAL NAME
Personal name Shechtman, Eli,
Dates associated with a name 1908-
245 10 - TITLE STATEMENT
Title Erev :
Remainder of title roman /
Statement of responsibility, etc. ʻEli Shekhṭman.
260 ## - PUBLICATION, DISTRIBUTION, ETC.
Place of publication, distribution, etc. Mosḳṿe :
Name of publisher, distributor, etc. Soṿeṭsḳi Pisaṭel,
Date of publication, distribution, etc. 1965.
300 ## - PHYSICAL DESCRIPTION
Extent 235 p. :
Other physical details ill. ;
Dimensions 21 cm.
500 ## - GENERAL NOTE
General note Novel.
500 ## - GENERAL NOTE
General note Romanized record.
500 ## - GENERAL NOTE
General note In Yiddish.
500 ## - GENERAL NOTE
General note Colophon in Russian: Nakanune.
740 0# - ADDED ENTRY--UNCONTROLLED RELATED/ANALYTICAL TITLE
Uncontrolled related/analytical title Nakanune.
752 ## - ADDED ENTRY--HIERARCHICAL PLACE NAME
Country or larger entity Soviet Union
City Moscow

No items available.

Powered by Koha